| 000 | 01579cam a2200361 a 4500 | ||
|---|---|---|---|
| 090 | _c10122 | ||
| 001 | 3070783 | ||
| 005 | 20020831181538.0 | ||
| 008 | 970505s1998 enk b 001 0 eng | ||
| 010 | _a 97020437 | ||
| 020 | _a0521584558 (hardcover) | ||
| 040 |
_aDLC _cDLC _dDLC |
||
| 043 |
_af-sa--- _as-bl--- _an-us--- |
||
| 050 | 0 | 0 |
_aHT1521 _b.M283 1998 |
| 082 | 0 | 0 |
_a305.8 _221 _bMAR |
| 100 | 1 | _aMarx, Anthony W. | |
| 245 | 1 | 0 |
_aMaking race and nation : _ba comparison of South Africa, the United States, and Brazil / _cAnthony W. Marx. |
| 260 |
_aCambridge, U.K. ; _aNew York, NY, USA : _bCambridge University Press, _cc.1998. |
||
| 300 |
_axviii, 390 p. ; _c24 cm. |
||
| 440 | 0 | _aCambridge studies in comparative politics | |
| 504 | _aIncludes bibliographical references (p. 351-380) and index. | ||
| 650 | 0 |
_aRace discrimination _xCase studies. |
|
| 650 | 0 |
_aRace relations _xCase studies. |
|
| 651 | 0 |
_aBrazil _xRace relations. |
|
| 651 | 0 |
_aSouth Africa _xRace relations. |
|
| 651 | 0 |
_aUnited States _xRace relations. |
|
| 856 | 4 | 2 |
_3Publisher description _uhttp://www.loc.gov/catdir/description/cam028/97020437.html |
| 856 | 4 | 1 |
_3Table of contents _uhttp://www.loc.gov/catdir/toc/cam026/97020437.html |
| 906 |
_a7 _bcbc _corignew _d1 _eocip _f19 _gy-gencatlg |
||
| 942 |
_2ddc _cARCH |
||
| 999 |
_c10122 _d10122 |
||